Emotion and peace of mind : (Record no. 4464)

MARC details
000 -LEADER
fixed length control field 00614nam a22002177a 4500
005 - DATE & TIME
control field 20231124150422.0
008 - FIXED-LENGTH DATA ELEMENTS--GENERAL INFORMATION
fixed length control field 230217b |||||||| |||| 00| 0 eng d
020 ## - ISBN
International Standard Book Number 0198250053
040 ## - CATALOGING SOURCE
Original cataloging agency MCHV Library
041 ## - Language
Language English
082 ## - DDC NUMBER
Classification number 128.37
Book Number SOR
100 ## - MAIN ENTRY--PERSONAL NAME
Personal name Sorabi, Richard
245 ## - TITLE STATEMENT
Title Emotion and peace of mind :
Sub Title form stoic agtation ti Christian temtation /
Statement of responsibility Richard Sorabi
260 ## - PUBLICATION, DISTRIBUTION, ETC. (IMPRINT)
Place of publication, distribution, etc New York :
Name of publisher, distributor, etc Oxford University,
Date of publication, distribution, etc 2000.
300 ## - PHYSICAL DESCRIPTION
Pages x, 499p. ;
Dimension 24cm.
500 ## - GENERAL NOTE
General note Includes index.
650 ## - Subject
Subject Peace of mind
650 ## - Subject
Subject Stoics
650 ## - Subject
Subject Fathers of the church
942 ## - ADDED ENTRY ELEMENTS (KOHA)
Koha item type Books
Holdings
Location (home branch) Koha item type Koha date last seen Accession No. Koha full call number Koha issues (times borrowed) Date acquired Shelving location Sublocation or collection (holding branch) Withdrawn status Not for loan Damaged status Source of classification or shelving scheme Lost status
MCHV Library Books 02/17/2023 HV2936 128.37 SOR   02/17/2023 General Stacks MCHV Library       Dewey Decimal Classification  
Management Center for Human Values © 2022. All rights reserved